Grandes villes d'Amérique du sud - Statistiques

Statistiques générales
  • Ce quiz a été pris 87 fois
  • Le résultat moyen est 12 sur 14
Statistiques - réponses
Hint Réponse % Correct
Argentine Buenos Aires
99%
Bresil Rio de Janeiro
99%
Bresil Brasilia
97%
Colombie Bogota
94%
Perou Lima
94%
Uruguay Montevideo
92%
Chili Santiago
91%
Bolivie LaPaz
88%
Venezuela Caracas
87%
Equateur Quito
78%
Bolivie Sucre
77%
Paraguay Asuncion
73%
Colombie Medellín
73%
Bresil Sao Paulo
67%
Aucun quiz correspondant
Distribution des résultats
% des personnes avec chaque résultat
Percentile par nombre de réponses
Votre historique - résultats
Vous n’avez pas pris ce quiz